00371nam a22001457a 4500003000500000005001700005008004100022020001800063040000600081082001700087100002200104245005200126260003300178300001400211CEME20210628202225.0210317b xxu||||| |||| 00| 0 eng d a4-431-70092-7 c. a591.19 SUG'H aWatabe, N Suga, S aHard tissue mineralization and demineralization aTOKYObSPRINGER-VERLAGc1992 aVIII,197P